Camouflaged Girls' Names - Statistics

General Stats
  • This quiz has been taken 163 times
  • The average score is 8 of 20
Answer Stats
Hint Name % Correct
Yesterday, my ear ache left me in great pain Rachel
85%
What do the weather vanes say today? Vanessa
84%
After the mayhem, mammoths bathed lazily Emma
78%
In my dream, berserk teenagers run amok Amber
77%
Driving my friend's car lets me feel like a king Scarlet
76%
For my son Adam, art has always been easy Martha
45%
Get me a ukulele, an Oreo and a green shirt Eleanor
39%
Now here is a man that really turns me on! Samantha
39%
I am a beloved pet to my caring owners Mabel
37%
After the acquittal, I celebrated with champagne Alice
36%
With my wife away, my three kids are needy Renee
36%
I hope the waitress brings us another bottle Susan
33%
Should I bring them a Riesling or a Pinot? Marie
30%
The young woman gave the Tsar a hug Sarah
30%
Don't blame me for the quiche; I didn't make it! Heidi
27%
Getting rid of all this junk is long overdue Ingrid
26%
After this, I'm one step closer to graduation! Simone
21%
The painting is dull; it needs some red, I think Meredith
20%
I bought the bag at half price from a local shop Agatha
17%
The lengthy jail term was more than warranted Helen
13%
No matching quizzes found
Score Distribution
Percent of People with Each Score
Percentile by Number Answered
Your Score History
You have not taken this quiz